The Domesday book of Kent (Record no. 114147)

MARC details
000 -LEADER
fixed length control field 00597cam a22001815a 4500
001 - CONTROL NUMBER
control field L156276
008 - FIXED-LENGTH DATA ELEMENTS--GENERAL INFORMATION
fixed length control field 120510s1869 xxk f 000 0 eng d
035 ## - SYSTEM CONTROL NUMBER
System control number (Sirsi) u156276
041 0# - LANGUAGE CODE
Language code of text/sound track or separate title eng
245 04 - TITLE STATEMENT
Title The Domesday book of Kent
Statement of responsibility, etc. With translations, notes, and appendix by the Rev. Lambert Blackwell Larking
260 ## - PUBLICATION, DISTRIBUTION, ETC.
Place of publication, distribution, etc. London
Name of publisher, distributor, etc. J. Toovey
Date of publication, distribution, etc. 1869
300 ## - PHYSICAL DESCRIPTION
Extent x p., 1 ., facsim. (14 numb.) 190, 54, [1] p.
Dimensions 47 cm.
583 0# - ACTION NOTE
Action Condition reviewed
Time/date of action 20120620
Status condition level 4
651 #4 - SUBJECT ADDED ENTRY--GEOGRAPHIC NAME
Geographic name Kent
690 ## - LOCAL SUBJECT ADDED ENTRY--TOPICAL TERM (OCLC, RLIN)
Topical term or geographic name as entry element Rural
9 (RLIN) 6268
700 1# - ADDED ENTRY--PERSONAL NAME
Personal name Larking, Lambert Blackwell
Dates associated with a name 1797-1868
942 ## - ADDED ENTRY ELEMENTS (KOHA)
Suppress in OPAC 0
Holdings
Withdrawn status Lost status Source of classification or shelving scheme Damaged status Not for loan Home library Current library Shelving location Date acquired Total Checkouts Full call number Barcode Date last seen Copy number Price effective from Koha item type
    Dewey Decimal Classification     Historic collection Historic collection Historic collection 10/05/2012   FOLIO 1869 LARKING 30077615 06/08/2019 1 06/08/2019 Book